| 000 | 01469nam a2200229Ia 4500 | ||
|---|---|---|---|
| 999 |
_c53190 _d53190 |
||
| 001 | 20231 | ||
| 003 | GE_BSU | ||
| 005 | 20230510114442.0 | ||
| 008 | 181216s2016||||ge |||||||||||||| ||geo|| | ||
| 020 | _a1987-5274 | ||
| 040 | _cGE_BSU | ||
| 041 | _ageo | ||
| 080 | _a39(479.223) ს–24 | ||
| 245 |
_aსამხრეთ-დასავლეთ საქართველოს ეთნოლოგიის პრობლემები IV / _cრედ. ნოდარ კახიძე; ბსუ; ნიკო ბერძენიშვილის ინ–ტი. ეთნოლოგიისა და სოციალური კვლევის განყოფილება. |
||
| 264 |
_aბათუმი : _bბათუმის შოთა რუსთაველის სახ. უნ-ტი, _c2016. |
||
| 300 |
_a203 გვ.; _b 21სმ. |
||
| 500 | _aპარალ. სათ. ინგლ. და რუს. ენ. | ||
| 653 | _aეთნოლოგია | ||
| 700 |
_aკახიძე, ნოდარ _eრედაქტორი _98379 |
||
| 710 |
_aბათუმის შოთა რუსთაველის სახელმწიფო უნივერსიტეტი _98380 _bნიკო ბერძენიშვილის ინ–ტი. ეთნოლოგიისა და სოციალური კვლევის განყოფილება. |
||
| 942 |
_cBK _2udc |
||